000 00412nam a2200169Ia 4500
008 230711s9999||||xx |||||||||||||| ||und||
020 _a978-1-4200-7988-3
041 _aENG
082 _a677.02864
_bHU-F
100 _aHu,Jinlian
245 0 _aFabric testing
250 _a1st Ed.
260 _c2008
_aNew Delhi
_bWoodhead Publishing Pvt Ltd
300 _a399p.
650 _aTextile Engineering
942 _cBK
999 _c5825
_d5825